El milagro del nacimiento / (Record no. 27431)
[ view plain ]
| 000 -LEADER | |
|---|---|
| fixed length control field | 00867nam a22002657a 4500 |
| 001 - CONTROL NUMBER | |
| control field | sjds |
| 003 - CONTROL NUMBER IDENTIFIER | |
| control field | sjds |
| 005 - DATE AND TIME OF LATEST TRANSACTION | |
| control field | 20220831103443.0 |
| 008 - FIXED-LENGTH DATA ELEMENTS--GENERAL INFORMATION | |
| fixed length control field | 220831b ag ||||| |||| 00| 0 spa d |
| 020 ## - INTERNATIONAL STANDARD BOOK NUMBER | |
| International Standard Book Number | 9789501110272 |
| 020 ## - INTERNATIONAL STANDARD BOOK NUMBER | |
| International Standard Book Number | 9501110273 |
| 040 ## - CATALOGING SOURCE | |
| Transcribing agency | sjds |
| 041 ## - LANGUAGE CODE | |
| Language code of text/sound track or separate title | spa |
| 100 10 - MAIN ENTRY--PERSONAL NAME | |
| Personal name | Bryan, Jenny. |
| 245 13 - TITLE STATEMENT | |
| Title | El milagro del nacimiento / |
| Statement of responsibility, etc. | textos: Jenny Bryan ; illustrciones: Graeme Chambers y Keigh Fowles ; traduccion: Edith Talamo |
| 246 ## - VARYING FORM OF TITLE | |
| Title proper/short title | Una original ventana transparente para ver el milagro del nacimiento |
| 246 ## - VARYING FORM OF TITLE | |
| Title proper/short title | El milagro del nacimiento |
| 260 ## - PUBLICATION, DISTRIBUTION, ETC. (IMPRINT) | |
| Place of publication, distribution, etc. | Buenos Aires, |
| Name of publisher, distributor, etc. | Sigmar, |
| Date of publication, distribution, etc. | c1994 |
| 300 ## - PHYSICAL DESCRIPTION | |
| Extent | 17 p. : |
| Other physical details | col. ill. ; |
| Dimensions | 29 cm. |
| 500 ## - GENERAL NOTE | |
| General note | Cover title.<br/>At head of title: Una original ventana transparente para ver. |
| 700 10 - ADDED ENTRY--PERSONAL NAME | |
| Personal name | Chambers, Graeme |
| 700 10 - ADDED ENTRY--PERSONAL NAME | |
| Personal name | Fowles, Keith. |
| 700 10 - ADDED ENTRY--PERSONAL NAME | |
| Personal name | Talamo, Edith |
| 942 ## - ADDED ENTRY ELEMENTS (KOHA) | |
| Koha item type | Libro/Book |
| Withdrawn status | Lost status | Damaged status | Not for loan | Home library | Current library | Date acquired | Total Checkouts | Full call number | Barcode | Checked out | Date last seen | Date checked out | Price effective from | Koha item type | Inventory number |
|---|---|---|---|---|---|---|---|---|---|---|---|---|---|---|---|
| San Juan Del Sur -- Mobile | Collado | 30/10/2024 | 1 | JNC | 30029672 | 14/04/2026 | 10/03/2026 | 10/03/2026 | 30/10/2024 | Libro/Book | Inventory date: 15-5-25 | ||||
| San Juan Del Sur -- Mobile | El Baston | 01/02/2025 | 1 | JNC | 30029673 | 05/05/2026 | 31/03/2026 | 31/03/2026 | 01/02/2025 | Libro/Book | Inventory date: 1-2-25 | ||||
| San Juan Del Sur -- Mobile | Las delicias | 31/08/2022 | 1 | JNC | 33016510 | 03/10/2023 | 29/08/2023 | 29/08/2023 | 31/08/2022 | Libro/Book |